Дело по представлению исправляющего должность Новгородского гражданского губернатора о снабжении дровами и соломой войск отдельн...

Доступно только в Электронных читальных залах Найти на картеНа карте
RUSMARC
00003966nmc2a22000003x 450
0014f8c9b24-f515-4739-b23c-e1a1493849b2
00520180402113151.0
100##$a20160201l18411842k l0rusy0189 ca
1010#$arus
102##$aRU
2001#$aДело по представлению исправляющего должность Новгородского гражданского губернатора о снабжении дровами и соломой войск отдельного Гренадерского корпуса, находившихся в этой губернии в 1841 году, и о предании суду пахатного солдата Ивана Алексеева за ложное донесение в преступлении должности вице-губернатора Арапова по заготовлению на выше упомянутые надобности дров и соломы
$j12 августа 1841 г. - 27 марта 1842 г.
251##$cДело
300##$aДело
801#0$aRU
$bРГИА
$c20160201
$gRCR
801#1$aRU
$bГлавНИВЦ
$c20160201
$2rusmarc
801#2$aRU
$bПБ им. Б.Н. Ельцина
$c20180402
$gRCR
$2rusmarc
850##$aРГИА
852##$aРГИА
$eФедеральное казенное учреждение "Российский государственный исторический архив" (РГИА)
$j250
937##$hРГИА
$d12186437
$aASBIBLIO_SCAN
462#0$1001d84ca311-0ff2-4bc1-993d-58ba7069b925
$12001
$a1841-1843 гг. Дела Департамента полиции исполнительной МВД за 1841 г.
$1251
$cОпись
$1852
$j8
461#0$10013e300ed0-cd39-49af-8489-5ba5b90fa401
$12001
$aДепартамент полиции исполнительной МВД
$1251
$cФонд
$1852
$j1286
215##$a67 л.
$d36,5х26 см
371##$aДокумент не является опубликованным и широко распространяемым
105##$ay###
1222#$ad
035##$a4f8c9b24-f515-4739-b23c-e1a1493849b2
856##$uhttp://readingroom.main.prlib.ru/item.aspx?id_node=n114340360&mode=full
Формат отображения